| 000 | 00386nam a2200133Ia 4500 | ||
|---|---|---|---|
| 003 | GCL | ||
| 008 | 140319s9999 xx 000 0 ara d | ||
| 040 |
_aGCL / _cGCL |
||
| 082 | 0 | 4 |
_a239.1 _bع ذ |
| 100 | 1 | _aعبدالسلام العشرى | |
| 245 | 1 | 0 |
_aذو الجناحين جعفر بن ابى طالب / _cعبدالسلام العشرى |
| 300 | _a288 ص | ||
| 490 |
_a100 قصة _v0 |
||
| 999 |
_c43366 _d43366 |
||